[Event "Corumba Nunes de Caceres Memorial"]
[Site "Corumba"]
[Date "2015.10.21"]
[Round "11.6"]
[White "De Abreu, Vitor Lourenco Marc"]
[Black "Souza Arruda, Gabriel"]
[Result "1-0"]
[WhiteElo "1685"]
[BlackElo "1800"]
[PlyCount "31"]
[EventDate "2015.10.16"]
[EventType "tourn"]
[EventRounds "11"]
[EventCountry "BRA"]
[SourceTitle "EXT 2022"]
[Source "ChessBase"]
[SourceDate "2021.10.06"]
[SourceVersion "1"]
[SourceVersionDate "2021.10.06"]
[SourceQuality "1"]

1. e4 e5 2. d4 exd4 3. c3 dxc3 4. Bc4 cxb2 5. Bxb2 Bb4+ 6. Kf1 Nf6 7. e5 Ne4 8. Bxf7+ Kxf7 9. Qd5+ Ke8 10. Qxe4 Nc6 11. Nf3 d5 12. exd6+ Kf8 13. Qf4+ Ke8 14. Ng5 Rf8 15. Qe4+ Kd7 16. Qe6# 1-0

[Event "Corumba Nunes de Caceres Memorial"]
[Site "Corumba"]
[Date "2015.10.18"]
[Round "8.3"]
[White "Souza Arruda, Gabriel"]
[Black "Da Silva, Leticia Vila"]
[Result "1/2-1/2"]
[WhiteElo "1800"]
[BlackElo "1800"]
[PlyCount "43"]
[EventDate "2015.10.16"]
[EventType "tourn"]
[EventRounds "11"]
[EventCountry "BRA"]
[SourceTitle "EXT 2022"]
[Source "ChessBase"]
[SourceDate "2021.10.06"]
[SourceVersion "1"]
[SourceVersionDate "2021.10.06"]
[SourceQuality "1"]

1. d4 Nf6 2. c4 e6 3. Nc3 d5 4. Bg5 Nbd7 5. e3 Be7 6. Nf3 0-0 7. Rc1 c6 8. Qc2 a6 9. a3 Re8 10. Bd3 h6 11. Bf4 dxc4 12. Bxc4 b5 13. Be2 Bb7 14. 0-0 c5 15. dxc5 Nxc5 16. Rfd1 Qb6 17. Be5 Rac8 18. Bd4 Bxf3 19. Bxf3 Qb8 20. Bxc5 Rxc5 21. Qb1 Rec8 22. Ne4 1/2-1/2

[Event "Corumba Nunes de Caceres Memorial"]
[Site "Corumba"]
[Date "2015.10.17"]
[Round "4.5"]
[White "Souza Arruda, Gabriel"]
[Black "De Abreu, Vinicius Jose Marca"]
[Result "1/2-1/2"]
[WhiteElo "1800"]
[BlackElo "1653"]
[PlyCount "25"]
[EventDate "2015.10.16"]
[EventType "tourn"]
[EventRounds "11"]
[EventCountry "BRA"]
[SourceTitle "EXT 2022"]
[Source "ChessBase"]
[SourceDate "2021.10.06"]
[SourceVersion "1"]
[SourceVersionDate "2021.10.06"]
[SourceQuality "1"]

1. e4 e5 2. d4 exd4 3. c3 dxc3 4. Bc4 cxb2 5. Bxb2 d5 6. Bxd5 Nf6 7. Bxf7+ Kxf7 8. Qxd8 Bb4+ 9. Qd2 Bxd2+ 10. Nxd2 Re8 11. Ngf3 Nc6 12. 0-0 Bg4 13. Rac1 1/2-1/2

[Event "Corumba Nunes de Caceres Memorial"]
[Site "Corumba"]
[Date "2015.10.16"]
[Round "2.6"]
[White "Souza Arruda, Gabriel"]
[Black "Figueiredo, Felipe De"]
[Result "0-1"]
[WhiteElo "1800"]
[BlackElo "1766"]
[PlyCount "46"]
[EventDate "2015.10.16"]
[EventType "tourn"]
[EventRounds "11"]
[EventCountry "BRA"]
[SourceTitle "EXT 2022"]
[Source "ChessBase"]
[SourceDate "2021.10.06"]
[SourceVersion "1"]
[SourceVersionDate "2021.10.06"]
[SourceQuality "1"]

1. e4 c5 2. Nf3 e6 3. g3 d5 4. exd5 exd5 5. Bg2 Nf6 6. 0-0 Be7 7. Nc3 0-0 8. d3 h6 9. Be3 d4 10. Bxd4 cxd4 11. Nb1 Bg4 12. Nbd2 Bb4 13. a3 Bxd2 14. Qxd2 Bxf3 15. Bxf3 Nc6 16. c3 dxc3 17. Qxc3 Rc8 18. b4 Nd4 19. Qb2 Nxf3+ 20. Kg2 Qd5 21. Kh3 Ng5+ 22. Kh4 Qf5 23. Qe2 Qh3# 0-1

[Event "Corumba Nunes de Caceres Memorial"]
[Site "Corumba"]
[Date "2015.10.16"]
[Round "1.1"]
[White "Souza Arruda, Gabriel"]
[Black "Samaniego, Augusto Cesar"]
[Result "0-1"]
[WhiteElo "1800"]
[BlackElo "1860"]
[PlyCount "86"]
[EventDate "2015.10.16"]
[EventType "tourn"]
[EventRounds "11"]
[EventCountry "BRA"]
[SourceTitle "EXT 2022"]
[Source "ChessBase"]
[SourceDate "2021.10.06"]
[SourceVersion "1"]
[SourceVersionDate "2021.10.06"]
[SourceQuality "1"]

1. e4 d5 2. exd5 Qxd5 3. Nf3 Bg4 4. Be2 Nf6 5. 0-0 e6 6. Nc3 Qd8 7. h3 Bh5 8. d4 Be7 9. Re1 0-0 10. Bg5 Nbd7 11. Ne5 Bxe2 12. Rxe2 h6 13. Nxd7 Qxd7 14. Bh4 Rad8 15. Rd2 c5 16. d5 exd5 17. Nxd5 Nxd5 18. Bxe7 Qxe7 19. Rxd5 Rxd5 20. Qxd5 Rd8 21. Qf3 Rd2 22. Rc1 b5 23. b3 Qe2 24. Qxe2 Rxe2 25. Kf1 Rd2 26. a4 bxa4 27. bxa4 Kf8 28. Ke1 Rd4 29. Ra1 Ke7 30. a5 Kd6 31. Ke2 Kc6 32. c3 Rc4 33. Kd3 Rf4 34. f3 Kb5 35. Ke3 Ra4 36. Rxa4 Kxa4 37. c4 Kxa5 38. Ke4 Kb4 39. Kd5 a5 40. Kd6 a4 41. Ke7 a3 42. Kxf7 a2 43. Kxg7 a1Q+ 0-1